000 00734nam a22002417a 4500
003 UA-OsUOA
001 94289
007 ta
008 20130207b un ||||| |||| 00| 0 ukr d
100 _aФатхутдінова О. В.
090 _a37.03:34
_bФ27
942 _cBK
040 _aUA-OsUOA
_bukr
_cUA-OsUOA
_dUA-OsUOA
245 _aПравова освіта у дискурсі формування свідомості особистості
_bмонографія
300 _a376 с.
955 _a1
041 _aukr
080 _a37.03:34
020 _a978-966-2374-32-2
260 _aК.
_bВІР УАН
_c2012
650 7 _a37.0 Основні види та принципи освіти
_2UDC
999 _c380529
_d380529